000 00633nam a2200241Ia 4500
003 OSt
005 20220924121415.0
006 a|||||r|||| 00| 0
007 ta
008 220923b |||||||| |||| 00| 0 tel d
024 _a339505
037 _cTextual
040 _aARTS
_cARTS
_btel
041 _2tel
_atel
082 _a035,2N11,1, M8
100 _aBoyabhimana Au.
_9185713
245 0 _aPaaleru
260 _aHyderabad
_bSahithinidhi India
_c1988
300 _a103p.
_ccm.
650 _aTELUGU LITERATURE
942 _h035,2N11,1, M8
_cTEXL
_2CC
999 _c407341
_d407341